Statistiques concernant Adele - one and only (paroles)

Cliquez ici pour prendre le quiz!

Statistiques générales

  • Ce quiz a été pris 19 fois
  • Le résultat moyen est 270 sur 301

Statistiques - réponses

paroles% Correct
and
100%
And
100%
I
100%
I'm
100%
know
100%
know,
100%
let
100%
me
100%
me,
100%
on,
100%
on
100%
one
100%
only
100%
only.
100%
promise
100%
the
100%
to
100%
you
100%
You
100%
your
100%
your,
100%
be
93%
been
93%
before,
93%
chance,
93%
come
93%
don't
93%
ever
93%
every
93%
here
93%
if
93%
in
93%
I've
93%
mine.
93%
my
93%
never
93%
simply
93%
so
93%
So
93%
that
93%
who
93%
you're
93%
arms.
87%
can
87%
'Cause
87%
dare
87%
fonder
87%
forgive
87%
give
87%
go.
87%
go,
87%
grow
87%
heart.
87%
hold
87%
it).
87%
it
87%
just
87%
mind,
87%
mind ?
87%
past,
87%
prove
87%
scared,
87%
time,
87%
try
87%
want.
87%
why
87%
word
87%
word,
87%
You've
87%
all.
80%
everyday.
80%
feeling
80%
forgive
80%
giving
80%
have
80%
Have
80%
imagined
80%
myself
80%
of
80%
thinking
80%
up
80%
worthy,
80%
worthy
80%
you'll
80%
You'll
80%
ain't
73%
easy,
73%
end
73%
feeling
73%
God
73%
how
73%
it's
73%
knows,
73%
long
73%
Lose
73%
mile,
73%
starts.
73%
taken
73%
until
73%
walk
73%
Will
73%
doubts
67%
feels
67%
say.
67%
tell
67%
at
60%
close ?
60%
face.
60%
hang
60%
mention
60%
name ?
60%
yourself
60%
choose,
53%
(Nobody's
53%
perfect,
53%
road
53%
trust
40%
whichever
40%
learned
27%

Distribution des résultats

Percentile par nombre de réponses

% des personnes avec chaque résultat

Votre développement - résultats

Vous n’avez pas pris ce quiz